[Event "Muensterland Verbandsklasse 2526"]
[Site "Germany"]
[Date "2025.11.15"]
[Round "3"]
[Board "3"]
[White "Limberg, Thomas"]
[Black "Spaeh, Jan Lukas"]
[Result "0-1"]
[WhiteElo "1815"]
[BlackElo "1941"]
[WhiteFideId "-1"]
[BlackFideId "-1"]
[PlyCount "90"]
[GameId "2223846287041854"]
[EventDate "2025.??.??"]
[EventType "team-tourn"]
[EventRounds "9"]
[EventCountry "GER"]
[SourceTitle "Verband Muensterland"]
[SourceDate "2026.01.17"]
[SourceVersion "1"]
[SourceVersionDate "2026.01.17"]
[SourceQuality "1"]
[WhiteTeam "Olfen"]
[BlackTeam "Nordkirchen"]
[WhiteTeamCountry "GER"]
[BlackTeamCountry "GER"]

{[%evp 0,89,15,22,18,21,20,32767,24,21,20,21,31,19,14,10,18,10,21,32767,12,-1,32,23,42,32767,51,-40,0,2,-1,-52,7,15,-34,-121,-119,32767,-139,-197,-172,-120,-60,32767,-113,-266,-125,-207,-197,32767,-241,-259,-246,-264,32767,32767,-240,-321,-278,-267,-204,32767,-204,-232,-249,-229,-259,-258,-108,-108,-92,-69,-183,-202,32767,32767,32767,-143,-141,-377,-352,-496,-467,-680,-503,-674,32767,-701,-758,-791,-632,-769]} 1. d4 d5 2. c4 e6 3. Nf3 a6 4. cxd5 exd5 5. Bf4 Bd6 6. Bg3 c6 7. Qb3 Nf6 8. e3 O-O 9. Bd3 Re8 10. Nbd2 Ne4 11. Bxe4 dxe4 12. Ne5 Bxe5 13. Bxe5 Nd7 14. Bg3 h5 15. Nc4 b5 16. Nd6 Re6 17. d5 Nc5 18. dxe6 Nxb3 19. exf7+ Kf8 20. axb3 Qe7 21. Rd1 Be6 22. Rd4 Rd8 23. b4 Bd5 24. O-O Rxd6 25. Bxd6 Qxd6 26. Ra1 c5 27. bxc5 Qxc5 28. Rad1 Bxf7 29. Rxe4 g6 30. b4 Qc2 31. Red4 Bb3 32. Rd8+ Kg7 33. R1d7+ Kh6 34. h4 Qc1+ 35. Kh2 Qc3 36. Ra8 Qe5+ 37. Kg1 Qa1+ 38. Kh2 Qf6 39. Rd4 Qxf2 40. Rxa6 Qxe3 41. Rdd6 Qe4 42. Kh3 Bd5 43. Rxg6+ Qxg6 44. Rxg6+ Kxg6 45. g4 Be6 0-1

[Event "Muensterland Verbandsklasse 2526"]
[Site "Germany"]
[Date "2025.11.15"]
[Round "3"]
[Board "4"]
[White "Jendrich, Manuel"]
[Black "Preuss, Richard"]
[Result "1-0"]
[WhiteElo "1832"]
[BlackElo "1798"]
[WhiteFideId "-1"]
[BlackFideId "-1"]
[PlyCount "99"]
[GameId "2223846287041854"]
[EventDate "2025.??.??"]
[EventType "team-tourn"]
[EventRounds "9"]
[EventCountry "GER"]
[SourceTitle "Verband Muensterland"]
[SourceDate "2026.01.17"]
[SourceVersion "1"]
[SourceVersionDate "2026.01.17"]
[SourceQuality "1"]
[WhiteTeam "Nordkirchen"]
[BlackTeam "Olfen"]
[WhiteTeamCountry "GER"]
[BlackTeamCountry "GER"]

1. e4 e6 2. f4 d5 3. e5 c5 4. Nf3 Nc6 5. Be2 Nge7 6. O-O a6 7. b3 b5 8. Bb2 Bb7 9. d3 d4 10. Ng5 Nf5 11. Bc1 Be7 12. Ne4 Nb4 13. Bf3 Nd5 14. Qe2 Ra7 15. a4 b4 16. Ra2 h6 17. g3 O-O 18. Nbd2 Nc3 19. Nxc3 dxc3 20. Ne4 Nd4 21. Qg2 Nxf3+ 22. Qxf3 Qd4+ 23. Be3 Bxe4 24. Qxe4 Qxe4 25. dxe4 Rd7 26. Raa1 Rc8 27. Kf2 c4 28. bxc4 Rxc4 29. Rfd1 Rxd1 30. Rxd1 a5 31. Ke2 Rc7 32. Bb6 Rc8 33. Bxa5 Ra8 34. Bc7 Rxa4 35. Bd6 Kf8 36. Rd4 Ke8 37. Kd3 Bxd6 38. exd6 Kd7 39. e5 f6 40. Rc4 fxe5 41. fxe5 Ra5 42. Ke4 Ra2 43. Rxb4 Rxc2 44. Rb7+ Kd8 45. Kd3 Rxh2 46. Kxc3 g5 47. Re7 Rh3 48. Rxe6 Rxg3+ 49. Kd4 h5 50. Rh6 1-0

[Event "Muensterland Verbandsklasse 2526"]
[Site "Germany"]
[Date "2025.11.15"]
[Round "3"]
[Board "5"]
[White "Beutelhoff, Josef"]
[Black "Grawunder, Juergen"]
[Result "1-0"]
[WhiteElo "1820"]
[BlackElo "1915"]
[WhiteFideId "-1"]
[BlackFideId "-1"]
[PlyCount "53"]
[GameId "2223846287041854"]
[EventDate "2025.??.??"]
[EventType "team-tourn"]
[EventRounds "9"]
[EventCountry "GER"]
[SourceTitle "Verband Muensterland"]
[SourceDate "2026.01.17"]
[SourceVersion "1"]
[SourceVersionDate "2026.01.17"]
[SourceQuality "1"]
[WhiteTeam "Olfen"]
[BlackTeam "Nordkirchen"]
[WhiteTeamCountry "GER"]
[BlackTeamCountry "GER"]

1. d4 Nf6 2. c4 c5 3. Nf3 cxd4 4. Nxd4 e5 5. Nb5 d5 6. cxd5 Bc5 7. N5c3 Bf5 8. g3 O-O 9. Bg2 e4 10. O-O Re8 11. Be3 Bd6 12. Nb5 a6 13. Nxd6 Qxd6 14. Nc3 Nbd7 15. Qd4 b5 16. a3 Rac8 17. Rac1 Rc4 18. Qd2 Ng4 19. Bf4 Qb6 20. Be3 Qd6 21. Bf4 Qb6 22. h3 e3 23. Bxe3 Nxe3 24. fxe3 Rxe3 25. Kh1 Rexc3 26. Rxc3 Rxc3 27. Qxc3 1-0

[Event "Muensterland Verbandsklasse 2526"]
[Site "Germany"]
[Date "2025.11.15"]
[Round "3"]
[Board "6"]
[White "Steffens, Gerd"]
[Black "Boenigk, Winfried"]
[Result "1/2-1/2"]
[WhiteElo "1721"]
[BlackElo "1750"]
[WhiteFideId "-1"]
[BlackFideId "-1"]
[PlyCount "68"]
[GameId "2223846287041854"]
[EventDate "2025.??.??"]
[EventType "team-tourn"]
[EventRounds "9"]
[EventCountry "GER"]
[SourceTitle "Verband Muensterland"]
[SourceDate "2026.01.17"]
[SourceVersion "1"]
[SourceVersionDate "2026.01.17"]
[SourceQuality "1"]
[WhiteTeam "Nordkirchen"]
[BlackTeam "Olfen"]
[WhiteTeamCountry "GER"]
[BlackTeamCountry "GER"]

1. e4 d6 2. Nc3 Nf6 3. f4 c5 4. Nf3 Nc6 5. Bc4 e6 6. d3 a6 7. a3 Be7 8. O-O O-O 9. Qe1 b5 10. Ba2 Bb7 11. Ne2 Qc7 12. c3 d5 13. e5 Nd7 14. d4 b4 15. axb4 cxb4 16. Be3 bxc3 17. bxc3 Na5 18. Nd2 Nb6 19. f5 exf5 20. Rxf5 Nac4 21. Nxc4 Nxc4 22. Qg3 Nxe3 23. Qxe3 Bc8 24. Rff1 Be6 25. Qf3 Qd7 26. Nf4 Rad8 27. Rab1 Bf5 28. Rb2 Be4 29. Qe3 Bg5 30. Bb1 Bxb1 31. Rfxb1 Rc8 32. Rf1 Rc6 33. Qd3 Rfc8 34. Ne2 Be7 1/2-1/2

[Event "Muensterland Verbandsklasse 2526"]
[Site "Germany"]
[Date "2025.11.15"]
[Round "3"]
[Board "7"]
[White "Breuer, Bernd"]
[Black "Grasse, Herbert"]
[Result "1/2-1/2"]
[WhiteElo "1764"]
[BlackElo "1729"]
[WhiteFideId "-1"]
[BlackFideId "-1"]
[PlyCount "112"]
[GameId "2223846287041854"]
[EventDate "2025.??.??"]
[EventType "team-tourn"]
[EventRounds "9"]
[EventCountry "GER"]
[SourceTitle "Verband Muensterland"]
[SourceDate "2026.01.17"]
[SourceVersion "1"]
[SourceVersionDate "2026.01.17"]
[SourceQuality "1"]
[WhiteTeam "Olfen"]
[BlackTeam "Nordkirchen"]
[WhiteTeamCountry "GER"]
[BlackTeamCountry "GER"]

{[%evp 0,112,17,19,43,46,45,38,43,43,48,48,38,24,30,12,25,-40,9,11,0,10,4,-39,-42,-43,-30,-104,-59,-138,-89,-133,-133,-147,-109,-175,-46,-175,-209,-274,-303,-286,-316,-324,-272,-199,-117,-171,-135,-242,-221,-242,-198,-220,-132,-130,9,-13,9,21,37,18,62,1,65,-491,-1,1,11,1,-1,-1,4,-1,1,-3,1,1,-38,-97,-53,-64,-79,-130,-119,-125,32767,-20,26,24,7,-17,-1,-1,0,0,1,1,16,9,1,1,27,1,1,0,44,40,35,42,47,39,42,37,45]} 1. d4 f5 2. c4 Nf6 3. Nc3 g6 4. g3 Bg7 5. Bg2 O-O 6. Bg5 d6 7. e3 c6 8. Nf3 Qe8 9. Bxf6 Bxf6 10. O-O e5 11. dxe5 dxe5 12. e4 Qe7 13. h4 Be6 14. b3 Na6 15. Rc1 Rad8 16. Qe2 Nc5 17. Bh3 Bc8 18. exf5 gxf5 19. Bg2 e4 20. Ne1 Qg7 21. Qc2 Bd4 22. Ne2 Nd3 23. Nxd4 Nxc1 24. Nxc6 bxc6 25. Qxc1 Rd6 26. Qf4 Rfd8 27. Nc2 Rd1 28. Ne3 Rxf1+ 29. Bxf1 Rf8 30. Bh3 Qg6 31. Kg2 h6 32. Qc7 a6 33. Qf4 Bd7 34. Qc7 Rf7 35. Qf4 Kg7 36. Qe5+ Qf6 37. Qf4 Re7 38. Nxf5+ Bxf5 39. Qxf5 Qxf5 40. Bxf5 e3 41. fxe3 Rxe3 42. Kf2 Re7 43. b4 h5 44. Bc8 Ra7 45. a4 Kf6 46. b5 axb5 47. axb5 cxb5 48. cxb5 Rc7 49. Ba6 Rc2+ 50. Kf3 Rc4 51. Bb7 Rb4 52. Bc6 Ke5 53. Be8 Rb3+ 54. Kg2 Kf5 55. Bxh5 Rxb5 56. Kh3 Rb3 1/2-1/2

[Event "Muensterland Verbandsklasse 2526"]
[Site "Germany"]
[Date "2025.11.15"]
[Round "3"]
[Board "8"]
[White "Krabbe, Christian"]
[Black "Hof, Frank"]
[Result "1-0"]
[WhiteElo "1941"]
[BlackElo "1520"]
[WhiteFideId "-1"]
[BlackFideId "-1"]
[PlyCount "51"]
[GameId "2223846287041854"]
[EventDate "2025.??.??"]
[EventType "team-tourn"]
[EventRounds "9"]
[EventCountry "GER"]
[SourceTitle "Verband Muensterland"]
[SourceDate "2026.01.17"]
[SourceVersion "1"]
[SourceVersionDate "2026.01.17"]
[SourceQuality "1"]
[WhiteTeam "Nordkirchen"]
[BlackTeam "Olfen"]
[WhiteTeamCountry "GER"]
[BlackTeamCountry "GER"]

1. Nf3 e6 2. g3 d5 3. Bg2 Nf6 4. d3 c5 5. Nbd2 Nc6 6. e4 dxe4 7. dxe4 Be7 8. O-O e5 9. c3 Bg4 10. Qc2 b5 11. a4 a6 12. Re1 O-O 13. Nf1 Qc7 14. Ne3 Rfd8 15. Nd5 Qb7 16. Bg5 Bxf3 17. Bxf3 Nxd5 18. exd5 Bxg5 19. dxc6 Qc7 20. Qf5 f6 21. axb5 axb5 22. Rxa8 Rxa8 23. h4 Bd2 24. Rd1 Rd8 25. Qe6+ Kh8 26. Rxd2 1-0

[Event "Muensterland Verbandsklasse 2526"]
[Site "Germany"]
[Date "2025.11.15"]
[Round "3"]
[Board "1"]
[White "Raus, Michael"]
[Black "Pohl, Tim"]
[Result "0-1"]
[WhiteElo "1702"]
[BlackElo "1945"]
[WhiteFideId "-1"]
[BlackFideId "-1"]
[PlyCount "122"]
[GameId "2095106920076468"]
[EventDate "2025.??.??"]
[EventType "team-tourn"]
[EventRounds "9"]
[EventCountry "GER"]
[SourceTitle "Verband Muensterland"]
[SourceDate "2026.01.17"]
[SourceVersion "1"]
[SourceVersionDate "2026.01.17"]
[SourceQuality "1"]
[WhiteTeam "Steinfurt II"]
[BlackTeam "Telgte"]
[WhiteTeamCountry "GER"]
[BlackTeamCountry "GER"]

1. e4 d5 2. exd5 Nf6 3. d4 Nxd5 4. Nf3 Bg4 5. Be2 c6 6. Bd2 g6 7. Nc3 Bg7 8. Nxd5 Qxd5 9. c4 Qe4 10. Be3 O-O 11. h3 Bxf3 12. Bxf3 Qf5 13. Qb3 Qa5+ 14. Qc3 Qc7 15. O-O Rd8 16. Rad1 e5 17. dxe5 Nd7 18. Qc2 Nf8 19. Bc5 Bxe5 20. Bxf8 Kxf8 21. Rxd8+ Rxd8 22. b3 Qa5 23. Rd1 Rxd1+ 24. Qxd1 Qxa2 25. g3 Ke7 26. Qd3 Qb2 27. Kg2 Bd4 28. Qe2+ Kd6 29. Qxb2 Bxb2 30. Kf1 Kc5 31. Bd1 Kd4 32. Ke2 Kc3 33. f3 Bc1 34. h4 h6 35. Ke1 Bd2+ 36. Ke2 a6 37. g4 b5 38. cxb5 axb5 39. h5 gxh5 40. gxh5 c5 41. Kf2 b4 42. Ke2 Bf4 43. Ke1 c4 44. bxc4 b3 45. Bxb3 Kxb3 46. c5 Kc4 47. c6 Kd5 48. Ke2 Kxc6 49. Kd3 f5 50. Kd4 Kd6 51. Kc4 Ke5 52. Kd3 Bh2 53. Ke3 Bg1+ 54. Ke2 Kf4 55. Kf1 Kxf3 56. Kxg1 Ke2 57. Kg2 f4 58. Kh3 f3 59. Kg4 f2 60. Kf5 f1=Q+ 61. Kg6 Qf4 0-1

[Event "Muensterland Verbandsklasse 2526"]
[Site "Germany"]
[Date "2025.11.15"]
[Round "3"]
[Board "2"]
[White "Dieckmann, Werner"]
[Black "Terhorst, Timo"]
[Result "1/2-1/2"]
[WhiteElo "1740"]
[BlackElo "1644"]
[WhiteFideId "-1"]
[BlackFideId "-1"]
[PlyCount "51"]
[GameId "2095107169440957"]
[EventDate "2025.??.??"]
[EventType "team-tourn"]
[EventRounds "9"]
[EventCountry "GER"]
[SourceTitle "Verband Muensterland"]
[SourceDate "2026.01.17"]
[SourceVersion "1"]
[SourceVersionDate "2026.01.17"]
[SourceQuality "1"]
[WhiteTeam "Telgte"]
[BlackTeam "Steinfurt II"]
[WhiteTeamCountry "GER"]
[BlackTeamCountry "GER"]

1. d4 Nf6 2. Nf3 e6 3. Bg5 Be7 4. e3 d5 5. Nbd2 O-O 6. Bd3 h6 7. Bh4 Nbd7 8. O-O c5 9. c3 c4 10. Bb1 b5 11. e4 Bb7 12. e5 Nh7 13. Qc2 g6 14. Bxe7 Qxe7 15. Re1 Ng5 16. a4 b4 17. Nxg5 hxg5 18. Nf1 b3 19. Qe2 Rae8 20. Ne3 Kg7 21. Qf3 f6 22. exf6+ Qxf6 23. Qg3 Qf4 24. a5 Bc6 25. f3 a6 26. Kf2 1/2-1/2

[Event "Muensterland Verbandsklasse 2526"]
[Site "Germany"]
[Date "2025.11.15"]
[Round "3"]
[Board "3"]
[White "Mellinger, Thomas"]
[Black "Stepa, Rainer"]
[Result "1-0"]
[WhiteElo "1662"]
[BlackElo "1737"]
[WhiteFideId "-1"]
[BlackFideId "-1"]
[PlyCount "139"]
[GameId "2095107233178822"]
[EventDate "2025.??.??"]
[EventType "team-tourn"]
[EventRounds "9"]
[EventCountry "GER"]
[SourceTitle "Verband Muensterland"]
[SourceDate "2026.01.17"]
[SourceVersion "1"]
[SourceVersionDate "2026.01.17"]
[SourceQuality "1"]
[WhiteTeam "Steinfurt II"]
[BlackTeam "Telgte"]
[WhiteTeamCountry "GER"]
[BlackTeamCountry "GER"]

1. d4 d5 2. Nd2 Nf6 3. e3 e6 4. Ngf3 c5 5. dxc5 Bxc5 6. Bb5+ Bd7 7. Qe2 a6 8. Bxd7+ Nbxd7 9. O-O O-O 10. c4 Rc8 11. b3 Nb6 12. Ne5 Bd6 13. Bb2 Bxe5 14. Bxe5 dxc4 15. bxc4 Qe7 16. a4 Nfd7 17. Bd4 e5 18. Bxb6 Nxb6 19. Rfb1 Rc6 20. a5 Nc8 21. Ne4 f5 22. Nc3 Nd6 23. Nd5 Qf7 24. Rb6 Rfc8 25. Rxc6 Rxc6 26. Nb6 Nxc4 27. Nxc4 Qxc4 28. Qd1 Rc7 29. h3 Qc5 30. Qb3+ Qc4 31. Qd1 Kf7 32. Qh5+ Kf6 33. Qxh7 Qf7 34. Qh4+ Ke6 35. Qb4 Qd7 36. Qb3+ Qd5 37. Qa4 Qb5 38. Qh4 Qd7 39. g4 Qf7 40. gxf5+ Qxf5 41. Qd8 Rd7 42. Qg8+ Qf7 43. Qc8 Kf6 44. Ra4 Qe6 45. Qf8+ Qf7 46. Qxf7+ Kxf7 47. Kg2 Ke6 48. Kf3 Rf7+ 49. Ke2 Kd6 50. Rc4 Kd5 51. Rb4 Kc6 52. f3 Rd7 53. e4 Rd6 54. Ke3 Kc7 55. Rb2 Rd1 56. Rg2 Rd7 57. Rg5 Re7 58. Rg6 Kb8 59. Kd3 Rf7 60. Ke3 Re7 61. f4 exf4+ 62. Kxf4 Rc7 63. Rg5 Ka7 64. Rd5 b6 65. axb6+ Kxb6 66. e5 a5 67. e6 a4 68. Ke5 a3 69. Kd6 a2 70. Rd1 1-0

[Event "Muensterland Verbandsklasse 2526"]
[Site "Germany"]
[Date "2025.11.15"]
[Round "3"]
[Board "4"]
[White "Koenig, Michael"]
[Black "Schmitz, Carolin"]
[Result "0-1"]
[WhiteElo "1670"]
[BlackElo "1616"]
[WhiteFideId "-1"]
[BlackFideId "-1"]
[PlyCount "86"]
[GameId "2095107319190735"]
[EventDate "2025.??.??"]
[EventType "team-tourn"]
[EventRounds "9"]
[EventCountry "GER"]
[SourceTitle "Verband Muensterland"]
[SourceDate "2026.01.17"]
[SourceVersion "1"]
[SourceVersionDate "2026.01.17"]
[SourceQuality "1"]
[WhiteTeam "Telgte"]
[BlackTeam "Steinfurt II"]
[WhiteTeamCountry "GER"]
[BlackTeamCountry "GER"]

1. e4 e5 2. f4 exf4 3. Nf3 d5 4. e5 d4 5. Bc4 Bc5 6. d3 Ne7 7. Bxf4 O-O 8. O-O Ng6 9. Bg5 Qe8 10. Qe1 Nc6 11. Bb5 a6 12. Bxc6 Qxc6 13. Nh4 Be6 14. Nxg6 fxg6 15. Bf4 Qb5 16. Qc1 Ba7 17. Nd2 Bd5 18. Nf3 Rae8 19. b3 Qd7 20. h3 h6 21. Qd2 g5 22. Bh2 Bxf3 23. gxf3 Qxh3 24. Qe2 Qf5 25. Rae1 Re6 26. Rf2 c5 27. Ref1 Bb8 28. f4 g4 29. Qe4 b6 30. Kg2 h5 31. Bg3 g6 32. Bh4 a5 33. Kg3 Qf7 34. Bf6 Rfe8 35. Bg5 Kg7 36. Re1 Qd7 37. Bf6+ Kf7 38. f5 Rxf6 39. fxg6+ Kg7 40. Rxf6 Bxe5+ 41. Qxe5 Rxe5 42. Rf7+ Qxf7 43. gxf7 Rxe1 0-1

[Event "Muensterland Verbandsklasse 2526"]
[Site "Germany"]
[Date "2025.11.15"]
[Round "3"]
[Board "5"]
[White "Raus, Christina"]
[Black "Rex, Dieter"]
[Result "1/2-1/2"]
[WhiteElo "1557"]
[BlackElo "1643"]
[WhiteFideId "-1"]
[BlackFideId "-1"]
[PlyCount "69"]
[GameId "2095107403830488"]
[EventDate "2025.??.??"]
[EventType "team-tourn"]
[EventRounds "9"]
[EventCountry "GER"]
[SourceTitle "Verband Muensterland"]
[SourceDate "2026.01.17"]
[SourceVersion "1"]
[SourceVersionDate "2026.01.17"]
[SourceQuality "1"]
[WhiteTeam "Steinfurt II"]
[BlackTeam "Telgte"]
[WhiteTeamCountry "GER"]
[BlackTeamCountry "GER"]

1. d4 d5 2. c4 e6 3. Nc3 Nf6 4. Bg5 Be7 5. e3 O-O 6. Nf3 Nbd7 7. Bd3 c5 8. cxd5 exd5 9. dxc5 Nxc5 10. Bc2 Be6 11. O-O Rc8 12. Ne2 Nce4 13. Bxf6 Bxf6 14. Ned4 Qb6 15. Rb1 Rfd8 16. Qd3 g6 17. Rfd1 a6 18. Qb3 Qxb3 19. Bxb3 Nc5 20. Bc2 Bg4 21. Rd2 Ne4 22. Bxe4 dxe4 23. Ne1 Rc5 24. Nec2 Rdc8 25. h3 Bxd4 26. Nxd4 Rc1+ 27. Rxc1 Rxc1+ 28. Kh2 Bc8 29. Rc2 Rxc2 30. Nxc2 Be6 31. a3 f5 32. Kg3 Kf7 33. Nd4 Bd5 34. f3 Kf6 35. f4 1/2-1/2

[Event "Muensterland Verbandsklasse 2526"]
[Site "Germany"]
[Date "2025.11.15"]
[Round "3"]
[Board "6"]
[White "Kuhlenbaeumer, Alfred"]
[Black "Weiermann, Ewald"]
[Result "1/2-1/2"]
[WhiteElo "1781"]
[BlackElo "1603"]
[WhiteFideId "-1"]
[BlackFideId "-1"]
[PlyCount "62"]
[GameId "2095107464140001"]
[EventDate "2025.??.??"]
[EventType "team-tourn"]
[EventRounds "9"]
[EventCountry "GER"]
[SourceTitle "Verband Muensterland"]
[SourceDate "2026.01.17"]
[SourceVersion "1"]
[SourceVersionDate "2026.01.17"]
[SourceQuality "1"]
[WhiteTeam "Telgte"]
[BlackTeam "Steinfurt II"]
[WhiteTeamCountry "GER"]
[BlackTeamCountry "GER"]

1. e4 e6 2. d4 d5 3. Nd2 c5 4. c3 Nc6 5. Ngf3 Qb6 6. exd5 exd5 7. Nb3 c4 8. Nbd2 Nf6 9. Be2 Bd6 10. O-O Qc7 11. h3 O-O 12. b3 b5 13. a4 cxb3 14. axb5 Na5 15. Nxb3 Nxb3 16. Qxb3 Be6 17. Ba3 Rfc8 18. Bxd6 Qxd6 19. Ra6 Qc7 20. Rc6 Qb7 21. Rxc8+ Rxc8 22. Ra1 Ne4 23. Ne5 Nxc3 24. Bd3 Bd7 25. Qa3 Bxb5 26. Qxa7 Qxa7 27. Rxa7 Bxd3 28. Nxd3 Ne2+ 29. Kh2 Nxd4 30. Rd7 Ne6 31. Rxd5 Rd8 1/2-1/2

[Event "Muensterland Verbandsklasse 2526"]
[Site "Germany"]
[Date "2025.11.15"]
[Round "3"]
[Board "7"]
[White "Dehler, Markus"]
[Black "Stephan, Matthias"]
[Result "1/2-1/2"]
[WhiteElo "1574"]
[BlackElo "1660"]
[WhiteFideId "-1"]
[BlackFideId "-1"]
[PlyCount "120"]
[GameId "2095107553645802"]
[EventDate "2025.??.??"]
[EventType "team-tourn"]
[EventRounds "9"]
[EventCountry "GER"]
[SourceTitle "Verband Muensterland"]
[SourceDate "2026.01.17"]
[SourceVersion "1"]
[SourceVersionDate "2026.01.17"]
[SourceQuality "1"]
[WhiteTeam "Steinfurt II"]
[BlackTeam "Telgte"]
[WhiteTeamCountry "GER"]
[BlackTeamCountry "GER"]

1. d4 d5 2. Nf3 e6 3. c3 c5 4. Bf4 Nc6 5. e3 Nf6 6. Bd3 Bd7 7. Nbd2 Rc8 8. O-O Qb6 9. Qc1 cxd4 10. exd4 Be7 11. Nb3 Nb4 12. Be2 Bb5 13. Qd2 Ne4 14. Bxb5+ Qxb5 15. Qd1 Nc6 16. Rb1 Na5 17. Nxa5 Qxa5 18. Qb3 b5 19. a3 O-O 20. Rfe1 Rfd8 21. Qd1 Qb6 22. Ne5 Bd6 23. f3 Bxe5 24. Bxe5 f6 25. fxe4 fxe5 26. exd5 Rxd5 27. Re4 exd4 28. cxd4 Rcd8 29. Kh1 Rxd4 30. Rxd4 Qxd4 31. Qe2 Qd5 32. h3 a6 33. Re1 Re8 34. Rd1 Qc6 35. Qe5 Qc8 36. Re1 Qd7 37. Kg1 Qa7+ 38. Kh1 Qd7 39. Re2 Kf8 40. Rf2+ Kg8 41. Re2 Qc6 42. Re1 Qc4 43. Re4 Qf1+ 44. Kh2 Qf6 45. Qd6 e5 46. Qd2 h6 47. Qe2 g6 48. a4 bxa4 49. Rxa4 Re6 50. Re4 h5 51. Qc4 Kg7 52. Qe2 Kh6 53. Qe3+ Qg5 54. Qe1 Kg7 55. Kh1 Qf6 56. Kh2 g5 57. g3 Kg6 58. Qe2 Kg7 59. Kg2 Qf5 60. b3 Kf6 1/2-1/2

[Event "Muensterland Verbandsklasse 2526"]
[Site "Germany"]
[Date "2025.11.15"]
[Round "3"]
[Board "8"]
[White "Uekoetter, Klemens"]
[Black "Radisic, Sascha"]
[Result "0-1"]
[WhiteElo "1478"]
[BlackElo "1561"]
[WhiteFideId "-1"]
[BlackFideId "-1"]
[PlyCount "40"]
[GameId "2095107615425779"]
[EventDate "2025.??.??"]
[EventType "team-tourn"]
[EventRounds "9"]
[EventCountry "GER"]
[SourceTitle "Verband Muensterland"]
[SourceDate "2026.01.17"]
[SourceVersion "1"]
[SourceVersionDate "2026.01.17"]
[SourceQuality "1"]
[WhiteTeam "Telgte"]
[BlackTeam "Steinfurt II"]
[WhiteTeamCountry "GER"]
[BlackTeamCountry "GER"]

1. e4 c5 2. Nf3 g6 3. d4 Bg7 4. c3 cxd4 5. cxd4 Nf6 6. e5 Nd5 7. Bc4 Nb6 8. Bb3 O-O 9. O-O d5 10. exd6 Qxd6 11. Nc3 Bg4 12. Nb5 Qc6 13. a4 Bxf3 14. Qxf3 Qxf3 15. gxf3 Nc6 16. d5 Ne5 17. Kg2 Nd3 18. Rb1 Nc5 19. a5 Nxb3 20. axb6 axb6 0-1

[Event "Muensterland Verbandsklasse 2526"]
[Site "Germany"]
[Date "2025.12.13"]
[Round "4"]
[Board "1"]
[White "Hidding, Yannick"]
[Black "Freitag, Michael"]
[Result "1-0"]
[WhiteElo "1902"]
[BlackElo "1716"]
[WhiteFideId "-1"]
[BlackFideId "-1"]
[PlyCount "41"]
[GameId "2257464275013765"]
[EventDate "2025.??.??"]
[EventType "team-tourn"]
[EventRounds "9"]
[EventCountry "GER"]
[SourceTitle "Verband Muensterland"]
[SourceDate "2026.01.17"]
[SourceVersion "1"]
[SourceVersionDate "2026.01.17"]
[SourceQuality "1"]
[WhiteTeam "Billerbeck"]
[BlackTeam "Steinfurt II"]
[WhiteTeamCountry "GER"]
[BlackTeamCountry "GER"]

1. d4 d5 2. Nf3 e6 3. c4 c6 4. Nc3 f5 5. Bg5 Nf6 6. e3 Bd6 7. Ne5 O-O 8. Be2 Qe8 9. O-O Nbd7 10. f4 a6 11. Rf3 Ne4 12. Nxe4 fxe4 13. Rg3 Nxe5 14. fxe5 Be7 15. Bh6 Rf7 16. Bh5 g6 17. Bxg6 hxg6 18. Rxg6+ Kh7 19. Qh5 Rf1+ 20. Rxf1 Qxg6 21. Rf7+ 1-0

[Event "Muensterland Verbandsklasse 2526"]
[Site "Germany"]
[Date "2025.12.13"]
[Round "4"]
[Board "2"]
[White "Terhorst, Timo"]
[Black "Stegemann, Sven"]
[Result "1-0"]
[WhiteElo "1644"]
[BlackElo "1807"]
[WhiteFideId "-1"]
[BlackFideId "-1"]
[PlyCount "55"]
[GameId "2257464275021959"]
[EventDate "2025.??.??"]
[EventType "team-tourn"]
[EventRounds "9"]
[EventCountry "GER"]
[SourceTitle "Verband Muensterland"]
[SourceDate "2026.01.17"]
[SourceVersion "1"]
[SourceVersionDate "2026.01.17"]
[SourceQuality "1"]
[WhiteTeam "Steinfurt II"]
[BlackTeam "Billerbeck"]
[WhiteTeamCountry "GER"]
[BlackTeamCountry "GER"]

1. Nf3 Nf6 2. c4 b6 3. d4 e6 4. Bg5 Bb7 5. e3 h6 6. Bxf6 Qxf6 7. Nc3 Bb4 8. Rc1 O-O 9. Be2 c5 10. O-O Bxc3 11. Rxc3 d6 12. a3 Nc6 13. d5 Ne5 14. e4 exd5 15. Nxe5 Qxe5 16. exd5 a6 17. Re3 Qf5 18. Bd3 Qd7 19. Rfe1 Rae8 20. Qe2 Rxe3 21. Qxe3 b5 22. b3 bxc4 23. bxc4 a5 24. Qe7 Bc8 25. Bh7+ Kxh7 26. Qxf8 Ba6 27. Qe7 Qa4 28. Qxf7 1-0

[Event "Muensterland Verbandsklasse 2526"]
[Site "Germany"]
[Date "2025.12.13"]
[Round "4"]
[Board "3"]
[White "Floeter, Volker"]
[Black "Mellinger, Thomas"]
[Result "1-0"]
[WhiteElo "1779"]
[BlackElo "1662"]
[WhiteFideId "-1"]
[BlackFideId "-1"]
[PlyCount "75"]
[GameId "2257464275021961"]
[EventDate "2025.??.??"]
[EventType "team-tourn"]
[EventRounds "9"]
[EventCountry "GER"]
[SourceTitle "Verband Muensterland"]
[SourceDate "2026.01.17"]
[SourceVersion "1"]
[SourceVersionDate "2026.01.17"]
[SourceQuality "1"]
[WhiteTeam "Billerbeck"]
[BlackTeam "Steinfurt II"]
[WhiteTeamCountry "GER"]
[BlackTeamCountry "GER"]

1. Nf3 d5 2. c4 c6 3. g3 Nf6 4. Bg2 g6 5. b3 Bg7 6. Bb2 O-O 7. O-O Bg4 8. d3 Bxf3 9. Bxf3 Re8 10. cxd5 cxd5 11. Nd2 e5 12. Bg2 Nc6 13. Rc1 Rc8 14. a3 Qd7 15. b4 b5 16. Nb3 Bf8 17. Nc5 Bxc5 18. Rxc5 Nb8 19. Rxc8 Qxc8 20. Qb3 Qd7 21. Rc1 Na6 22. e3 Qd6 23. Qc3 Kf8 24. Qc6 Qxc6 25. Rxc6 Re6 26. Rc8+ Kg7 27. Bh3 Re7 28. Rc6 Nb8 29. Rd6 a6 30. f4 Nfd7 31. Rxd5 f6 32. fxe5 fxe5 33. Rd6 Kf7 34. Kf2 Ke8 35. Ke2 e4 36. dxe4 Rxe4 37. Kd3 Ke7 38. Rxd7+ 1-0